Sustainable development in government 2008 (Record no. 109529)

MARC details
000 -LEADER
fixed length control field 01317cad a22002295a 4500
001 - CONTROL NUMBER
control field E147382
008 - FIXED-LENGTH DATA ELEMENTS--GENERAL INFORMATION
fixed length control field 090507s2009 xxk f 000 0 eng d
035 ## - SYSTEM CONTROL NUMBER
System control number (Sirsi) u147382
041 0# - LANGUAGE CODE
Language code of text/sound track or separate title eng
050 04 - LIBRARY OF CONGRESS CALL NUMBER
Classification number 333.72 $2 18
110 2# - MAIN ENTRY--CORPORATE NAME
Corporate name or jurisdiction name as entry element Sustainable Development Commission
9 (RLIN) 4213
245 00 - TITLE STATEMENT
Title Sustainable development in government 2008
Remainder of title challenges for government
Medium [electronic resource]
260 ## - PUBLICATION, DISTRIBUTION, ETC.
Place of publication, distribution, etc. [London]
Name of publisher, distributor, etc. Sustainable Development Commission
Date of publication, distribution, etc. 2009
505 2# - FORMATTED CONTENTS NOTE
Formatted contents note Foreword -- Introduction -- Thematic area analysis -- SOGE framework performance assessment: SOGE targets, mandated mechanisms and SPAP commitments -- Cross-cutting issues and findings -- Summary of issues and recommendations -- Annexes
520 ## - SUMMARY, ETC.
Summary, etc. Reviews the government's progress in meeting sustainability targets and makes recommendations for further action in the areas of carbon, energy, travel, waste, water and biodiversity. Sets out the challenges which the government may face in the future in relation to sustainability.
521 ## - TARGET AUDIENCE NOTE
Target audience note Introductory
590 ## - LOCAL NOTE (RLIN)
Local note KA
651 #4 - SUBJECT ADDED ENTRY--GEOGRAPHIC NAME
Geographic name United Kingdom
690 ## - LOCAL SUBJECT ADDED ENTRY--TOPICAL TERM (OCLC, RLIN)
Topical term or geographic name as entry element ENVIRONMENTAL AND LAND CONSULTANCY-ENERGY-ENERGY USE-ENERGY EFFICIENCY
856 40 - ELECTRONIC LOCATION AND ACCESS
Uniform Resource Identifier <a href="https://www.sd-commission.org.uk/publications.php?id=934">https://www.sd-commission.org.uk/publications.php?id=934</a>
Public note View the report free of charge at www.sd-commission.org.uk...
942 ## - ADDED ENTRY ELEMENTS (KOHA)
Suppress in OPAC 0
Holdings
Withdrawn status Lost status Source of classification or shelving scheme Damaged status Not for loan Home library Current library Shelving location Date acquired Total Checkouts Full call number Barcode Date last seen Copy number Price effective from Koha item type
    Dewey Decimal Classification     Virtual Virtual Online 07/05/2009   ONLINE PUBLICATION 147382-2001 06/08/2019 1 06/08/2019 Book